All Rafael Nadal Masters 1000 defeats - Statistics

General Stats
  • This quiz has been taken 120 times
    86 since last reset
  • The average score is 64 of 94
Answer Stats
Year Tournament Round Player % Correct
2005 Miami F Roger Federer
100%
2007 Hamburg F Roger Federer
100%
2009 Madrid F Roger Federer
100%
2012 Indian Wells SF Roger Federer
100%
2017 Indian Wells R16 Roger Federer
100%
2017 Miami F Roger Federer
100%
2017 Shanghai F Roger Federer
100%
2019 Indian Wells SF Roger Federer
100%
2007 Miami QF Novak Djokovic
98%
2007 Montreal SF Novak Djokovic
98%
2008 Indian Wells SF Novak Djokovic
98%
2008 Cincinnati SF Novak Djokovic
98%
2009 Cincinnati SF Novak Djokovic
98%
2009 Paris SF Novak Djokovic
98%
2011 Indian Wells F Novak Djokovic
98%
2011 Miami F Novak Djokovic
98%
2011 Madrid F Novak Djokovic
98%
2011 Rome F Novak Djokovic
98%
2013 Monte Carlo F Novak Djokovic
98%
2014 Miami F Novak Djokovic
98%
2014 Rome F Novak Djokovic
98%
2015 Monte Carlo SF Novak Djokovic
98%
2016 Indian Wells SF Novak Djokovic
98%
2016 Rome QF Novak Djokovic
98%
2020 Paris SF Alexander Zverev
97%
2021 Madrid QF Alexander Zverev
97%
2010 Toronto SF Andy Murray
97%
2012 Miami SF Andy Murray
97%
2015 Madrid F Andy Murray
97%
2016 Madrid SF Andy Murray
97%
2013 Paris SF David Ferrer
95%
2014 Monte Carlo QF David Ferrer
95%
2022 Indian Wells F Taylor Fritz
86%
2022 Madrid QF Carlos Alcaraz
85%
2017 Rome QF Dominic Thiem
85%
2018 Madrid QF Dominic Thiem
85%
2019 Madrid SF Stefanos Tsitsipas
83%
2021 Monte Carlo QF Andrey Rublev
80%
2009 Miami QF Juan Martín del Potro
79%
2009 Montreal QF Juan Martín del Potro
79%
2013 Shanghai SF Juan Martín del Potro
79%
2006 Cincinnati QF Juan Carlos Ferrero
77%
2008 Rome R32 Juan Carlos Ferrero
77%
2015 Rome QF Stan Wawrinka
77%
2015 Paris QF Stan Wawrinka
77%
2010 Miami SF Andy Roddick
76%
2019 Monte Carlo SF Fabio Fognini
74%
2017 Montreal R16 Denis Shapovalov
70%
2019 Paris SF Denis Shapovalov
70%
2022 Rome R16 Denis Shapovalov
70%
2017 Cincinnati QF Nick Kyrgios
70%
2015 Shanghai SF Jo-Wilfried Tsonga
68%
2005 Cincinnati R64 Tomáš Berdych
67%
2006 Toronto R16 Tomáš Berdych
67%
2006 Madrid QF Tomáš Berdych
67%
2016 Cincinnati R16 Borna Ćorić
64%
2022 Cincinnati R32 Borna Ćorić
64%
2012 Madrid R16 Fernando Verdasco
64%
2015 Miami R32 Fernando Verdasco
64%
2008 Miami F Nikolay Davydenko
64%
2008 Paris QF Nikolay Davydenko
64%
2009 Shanghai F Nikolay Davydenko
64%
2015 Montreal QF Kei Nishikori
62%
2006 Miami R64 Carlos Moyá
61%
2007 Madrid QF David Nalbandian
61%
2007 Paris F David Nalbandian
61%
2020 Rome QF Diego Schwartzman
56%
2024 Rome R64 Hubert Hurkacz
56%
2014 Shanghai R32 Feliciano López
48%
2015 Cincinnati R16 Feliciano López
48%
2015 Indian Wells QF Milos Raonic
48%
2010 Indian Wells SF Ivan Ljubičić
47%
2024 Madrid R16 Jiří Lehečka
47%
2004 Toronto R64 Lleyton Hewitt
47%
2011 Cincinnati QF Mardy Fish
41%
2003 Monte Carlo R16 Guillermo Coria
39%
2022 Paris R16 Tommy Paul
39%
2008 Madrid SF Gilles Simon
38%
2006 Indian Wells SF James Blake
33%
2004 Miami 4th R16 Fernando González
27%
2003 Hamburg R16 Gastón Gaudio
26%
2014 Indian Wells R32 Alexandr Dolgopolov
21%
2010 Cincinnati QF Marcos Baghdatis
20%
2003 Madrid R64 Àlex Corretja
17%
2017 Paris QF Filip Krajinović
15%
2016 Shanghai R32 Viktor Troicki
14%
2011 Shanghai R16 Florian Mayer
9%
2007 Cincinnati R32 Juan Mónaco
9%
2011 Montreal R32 Ivan Dodig
8%
2016 Miami R64 Damir Džumhur
6%
2010 Shanghai R16 Jürgen Melzer
6%
2004 Madrid R32 Vincent Spadea
3%
2004 Indian Wells R32 Agustín Calleri
2%
2004 Cincinnati R64 Juan Ignacio Chela
2%
No matching quizzes found
Score Distribution
Percent of People with Each Score
Percentile by Number Answered
Your Score History
You have not taken this quiz since the last reset